| 000 | 04510nam0a2200481 4500 | ||
|---|---|---|---|
| 001 | RU\NLR\BIBL_A\012005434 | ||
| 005 | 20260408130644.0 | ||
| 020 |
_aRU _9Ленинград в Великой Отечественной войне. Коллекция. Афиши |
||
| 035 | _a(NLR Aleph) 012005434 | ||
| 090 |
_a11425770 _c11425770 |
||
| 100 | _a20190507d1945 u y0rusy50 ca | ||
| 101 | 0 | _arus | |
| 102 | _aRU | ||
| 105 | _ay z 000zy | ||
| 135 | _acrcn 024anaba | ||
| 200 | 1 |
_aОткрытие концертного сезона, февраль 1945 г. _e[афиша] _fКамерный зал Ленинградской Государственной Ордена Трудового Красного Знамени Филармонии |
|
| 210 |
_a[Ленинград] _cТЛ10 _d1945 |
||
| 215 |
_a1 л. _d50х70 |
||
| 300 | _aНачало в 8 час. 30 мин. вечера. Билеты продаются в кассах Камерного зала, Филармонии в Главн. Театральной кассе Невский 42, и в районных отделениях | ||
| 300 | _aЗак. 299 | ||
| 325 | _aКопия доступна в Электрон. б-ке РНБ | ||
| 327 | _a1, Четверг. Концерт из произведений Чайковского. Участвуют: Квартет им. Глазунова (заслуж. коллект. РСФСР), И. А. Нечаев (заслуж. артист РСФСР), Б. О. Шафран (заслуж. артист РСФСР), И. Л. Левитин. Партия ф-но - С. О. Давыдова (заслуж. арт. РСФСР). 2, Пятница. Литературный концерт. Лауреат Всесоюзного конкурса мастеров художественного слова Дмитрий Николаевич Журавлев (Москва). В программе: Чехов. 3, Суббота. Вечер песни (1-й концерт цикла). Ефрем Флакс, профессор А. Б. Мерович. В программе: Бетховен, Мусоргский. 4, Воскресенье. Концерт. Лауреат Всесоюзного конкурса заслуженный артист РСФСР С. Н. Кнушевицкий (виолончель) (Москва). 6, Вторник. Литературный концерт. Лауреат Всесоюзного конкурса мастеров художественного слова Дмитрий Николаевич Журавлев (Москва). В программе: Пушкин. 7, Среда. Сольный концерт. Лауреат Всесоюзного конкурса вокалистов Юлий Варламовны Лоркипанидзе. 9, Пятница. Фортепианный вечер. Лауреат Всесоюзного конкурса Владимир Нильсен. В программе - русские композиторы | ||
| 327 | 1 | _a10, Суббота. Литературный концерт. Мастер художественного слова Владимир Степанович Чернявский. В программе - Александр Блок | |
| 606 | 1 |
_aТеатральная жизнь _jАфиши _yЛенинград, город _z1941 - 1944 _92398624 _3RU\NLR\AUTH\6601649837 |
|
| 686 | _aЩ333(2Р=Рус)7- 692Ленинград | ||
| 710 | 0 | 2 |
_aЛенинградская филармония _bКамерный зал _3RU\NLR\AUTH\880497262 _9654352 |
| 852 |
_aNLR _jЛ3-330а/4/2/1945-февр. |
||
| 856 | 0 | _uhttp://vivaldi.nlr.ru/la700000897/view | |
| 856 | 1 | _uhttp://vivaldi.nlr.ru/la700000897/cover | |
| 856 | 2 | _uhttp://vivaldi.nlr.ru/la700000897/text | |
| 942 | _cVISUAL | ||
| 945 | _aРоссийская национальная библиотека | ||
| 980 | _aNB | ||
| 980 | _aBV | ||
| 980 | 3 | _akplen | |
| 980 | 3 | _akp | |
| 981 | 3 | 7 |
_a(37) Ленинград в Великой Отечественной войне _b(37) Афиши блокадного Ленинграда |